| 000 | 00452nam a2200181Ia 4500 | ||
|---|---|---|---|
| 001 | 17325 | ||
| 005 | 20260306171509.0 | ||
| 008 | 260306s9999||||xx |||||||||||||| ||und|| | ||
| 041 | _aESP | ||
| 082 |
_a657.61 _bV28 |
||
| 100 |
_aVan Greuning, Hennie _eAUT |
||
| 245 | 0 |
_aInternational accouting standards: _ba practical guide |
|
| 260 | _c2000 | ||
| 300 |
_a166 páginas : _c30 cm. |
||
| 650 | _aGEN | ||
| 654 | _aCCO | ||
| 942 |
_cLIB _dJUS _fJUS _2ddc _n |
||
| 999 |
_c17325 _d17325 |
||